[Event "Moscow Region Spring-B"]
[Site "Serpukhov"]
[Date "2011.05.03"]
[Round "6"]
[White "Basyrov, Ruslan"]
[Black "Baranov, Aleksandr"]
[Result "1/2-1/2"]
[WhiteElo "1772"]
[BlackElo "1961"]
[PlyCount "91"]
[EventDate "2011.04.30"]
[EventType "tourn"]
[EventRounds "9"]
[EventCountry "RUS"]
[SourceTitle "EXT 2022"]
[Source "ChessBase"]
[SourceDate "2021.10.06"]
[SourceVersion "1"]
[SourceVersionDate "2021.10.06"]
[SourceQuality "1"]

1. e4 c5 2. Nf3 a6 3. d4 cxd4 4. Nxd4 Nf6 5. Nc3 e5 6. Nf3 Bb4 7. Bc4 Qc7 8. Qd3 0-0 9. 0-0 d6 10. Bg5 Bxc3 11. Qxc3 Nxe4 12. Qd3 Nxg5 13. Nxg5 g6 14. Rad1 Bf5 15. Qc3 Nc6 16. f4 Nd4 17. fxe5 dxe5 18. Nxf7 Rxf7 19. g4 Ne2+ 20. Bxe2 Qxc3 21. bxc3 Be6 22. a3 Rxf1+ 23. Kxf1 Rc8 24. Rd6 Kf7 25. c4 Rc6 26. Rd8 Rc7 27. Ke1 Ke7 28. Rh8 Kd6 29. Kd2 Bxc4 30. Bxc4 Rxc4 31. Rxh7 Rxg4 32. Rxb7 Rg2+ 33. Kc3 Rxh2 34. Rb6+ Kc5 35. Rxg6 Rh3+ 36. Kb2 a5 37. Re6 Re3 38. c3 a4 39. Re8 Re2+ 40. Kb1 Kc4 41. Rb8 Kxc3 42. Rb4 e4 43. Rxa4 Kb3 44. Rb4+ Kxa3 45. Rb8 e3 46. Kc1 1/2-1/2